000 00666nam a22001937a 4500
005 20100811155237.0
010 _aENG-99654
020 _a9789380032580
_c250.00
035 _aEN-83186
037 _bDBAD/PUB
082 _aN
245 _aAlfred HITCHCOCK's home sweet homicide /
_cedited by Cathleen Jardan
260 _aNew Delhi
_bWestland
_c2009
270 _aF-5, Okhla Industrial Area, Phase-1, Mezzanine Floor,
_bNew Delhi
_e110020
300 _avii, 264p.
_c20cm (pbk)
700 _aJordan, Cathleen
_911291
942 _2ddc
_cEN
_hN
_mALF
999 _c41146
_d41146